| 000 | 00983nam a2200277 a 4500 | ||
|---|---|---|---|
| 001 | 76673 | ||
| 003 | BD-RjUL | ||
| 005 | 20211209082854.0 | ||
| 008 | 200101r19751918nyua b 001 0 eng | ||
| 020 | _a0878171363 | ||
| 035 | _a(BD-RjUL)76897 | ||
| 040 |
_aDLC _cDLC _dDLC _dBD-RjUL _beng |
||
| 041 | 1 | _aengita | |
| 082 | 0 | 0 |
_223 _a720.91767 _bRIM 1975 |
| 100 | 1 |
_aRivoira, Giovanni Teresio, _d1849-1919. _9237272 |
|
| 245 | 1 | 0 |
_aMoslem architecture, its origins and development / _cby G. T. Rivoira ; translated from the Italian by G. McN. Rushforth. |
| 260 |
_aNew York : _bHacker Art Books, _c1918 [reissued1975] |
||
| 300 |
_axvii, 383 p. : _bill. ; _c29 cm. |
||
| 500 | _aTranslation of Architettura musulmana. | ||
| 500 | _a"First published 1918 by Oxford University Press, London." | ||
| 504 | _aIncludes bibliographical references and indexes. | ||
| 650 | 0 |
_aIslamic architecture. _9237273 |
|
| 942 |
_2ddc _cBK |
||
| 999 |
_c76673 _d76673 |
||